Série Un Village français 1 - Acteurs et rôles - Statistiques

Statistiques générales
  • Ce quiz a été pris 37 fois
  • Le résultat moyen est 9 sur 13
Statistiques - réponses
Hint Réponse % Correct
Hortense Larcher Audrey Fleurot
89%
Jeannine Schwartz Emmanuelle Bach
86%
Lucienne Bériot Marie Kremer
75%
Marie Germain Nade Dieu
75%
Daniel Larcher Robin Renucci
75%
Jean Marchetti Nicolas Gob
71%
Raymond Schwartz Thierry Godard
64%
Heinrich Müller Richard Sammel
61%
Marcel Larcher Fabrizio Rongione
57%
Jules Bériot François Loriquet
57%
Gustave Larcher enfant Maxim Driesen
54%
Gustave Larcher adulte Stanislas Nordey
46%
Sous-préfet Servier Cyril Couton
39%
Aucun quiz correspondant
Distribution des résultats
% des personnes avec chaque résultat
Percentile par nombre de réponses
Votre historique - résultats
Vous n’avez pas pris ce quiz